[Event "SB-2016-0-00439"]
[Site "LSS email"]
[Date "2016.02.08"]
[Round "?"]
[White "Kobryn, Wieslaw"]
[Black "Van Gysel, Marc"]
[Result "1/2-1/2"]
[WhiteElo "1979"]
[BlackElo "1891"]
[PlyCount "133"]
[EventDate "2015.12.26"]
[EventType "tourn (corr)"]
[EventRounds "6"]
[EventCountry "GER"]
[SourceTitle "Corr 2022"]
[Source "ChessBase"]
[SourceDate "2021.10.24"]
[SourceVersion "1"]
[SourceVersionDate "2021.10.24"]
[SourceQuality "1"]

1. e4 c5 2. Nf3 d6 3. d4 cxd4 4. Nxd4 Nf6 5. Nc3 a6 6. Bg5 e6 7. Qf3 h6 8. Bxf6 Qxf6 9. Qxf6 gxf6 10. Be2 h5 11. 0-0-0 Bd7 12. h4 Nc6 13. Nxc6 bxc6 14. Rh3 a5 15. Rhd3 Rb8 16. g3 d5 17. a3 Be7 18. Bf3 Kf8 19. R1d2 Kg7 20. Re2 Bf8 21. Red2 Bc8 22. Ne2 Ba6 23. Rc3 Bxe2 24. Rxe2 Rb6 25. Rd2 Bd6 26. Rcd3 Kg6 27. c4 Bf8 28. exd5 cxd5 29. Rc2 Bh6+ 30. Kb1 dxc4 31. Rxc4 Rhb8 32. Rc2 Bg7 33. Ka2 f5 34. b3 Bf6 35. Be2 e5 36. Rd7 Rxb3 37. Bc4 R3b6 38. Bxf7+ Kh6 39. a4 e4 40. Ka3 Bg7 41. Rdc7 Bb2+ 42. Ka2 Bf6 43. Ka3 Rd8 44. R7c6 Rd3+ 45. Ka2 Rxc6 46. Rxc6 Rd2+ 47. Kb1 Rxf2 48. Be8 Kg7 49. Bxh5 Rb2+ 50. Kc1 Rg2 51. Rc5 Bb2+ 52. Kb1 Kf6 53. Rc6+ Ke5 54. Rc2 Rxc2 55. Kxc2 Bd4 56. Be8 Kf6 57. h5 Kg5 58. Bd7 Bf2 59. h6 Bxg3 60. Kd2 Be5 61. Ke3 Bd6 62. h7 Bc5+ 63. Kd2 Bd4 64. Ke1 Kg6 65. Be6 f4 66. Bd5 Kxh7 67. Bxe4+ 1/2-1/2